Central Library OPAC University of Rajshahi

মুর্শিদকুলী খান ও তাঁর যুগ / (Record no. 80052)

MARC details
000 -LEADER
fixed length control field 00706nam a2200217 a 4500
001 - CONTROL NUMBER
control field 80052
003 - CONTROL NUMBER IDENTIFIER
rucl marc code BD-RjUL
005 - DATE AND TIME OF LATEST TRANSACTION
control field 20220628153446.0
008 - FIXED-LENGTH DATA ELEMENTS--GENERAL INFORMATION
fixed length control field 220628s2022 bg ||||| |||| 00| 0 ben d
020 ## - INTERNATIONAL STANDARD BOOK NUMBER
International Standard Book Number 98470000028105
035 ## - SYSTEM CONTROL NUMBER
System control number (BD-RjUL)80052
040 ## - CATALOGING SOURCE
Original cataloging agency BD-RjUL
Language of cataloging eng
Transcribing agency BD-RjUL
041 ## - LANGUAGE CODE
Language code of text/sound track or separate title ben
082 ## - DEWEY DECIMAL CLASSIFICATION NUMBER
Edition number 23
Classification number 954.14
Author mark and year KAM 2022
100 ## - MAIN ENTRY--PERSONAL NAME
Personal name করিম, আবদুল
9 (RLIN) 1262
245 ## - TITLE STATEMENT
Title মুর্শিদকুলী খান ও তাঁর যুগ /
Statement of responsibility, etc. আবদুল করিম
300 ## - PHYSICAL DESCRIPTION
Pagination ২৪০ পৃ.;
Size ২২ সেমি.
650 ## - SUBJECT ADDED ENTRY--TOPICAL TERM
Topical term or geographic name as entry element বাংলা (ভারত)
General subdivision ইতিহাস
9 (RLIN) 1260
Topical term or geographic name as entry element Bengal (India)
General subdivision History.
9 (RLIN) 1261
942 ## - ADDED ENTRY ELEMENTS (KOHA)
Source of classification or shelving scheme Dewey Decimal Classification
Koha item type Books
Holdings
Lost status Source of classification or shelving scheme Damaged status Not for loan Collection code Permanent Location Current Location Shelving location Date acquired Source of acquisition Cost, normal purchase price Total Checkouts Full call number Date last seen Copy number Koha item type Date checked out
  Dewey Decimal Classification   Not For Loan Non-fiction Central Library, University of Rajshahi Central Library, University of Rajshahi Reading Room 19/04/2022 Jatiya Sahitya Prakash, Dhaka 280.00   B 954.14 KAM 2022 28/06/2022 C-1 Books  
  Dewey Decimal Classification     Non-fiction Central Library, University of Rajshahi Central Library, University of Rajshahi General Stacks 19/04/2022 Jatiya Sahitya Prakash, Dhaka 280.00 1 B 954.14 KAM 2022 30/04/2024 C-2 Books 17/04/2024